Catálogo

Vista normal Vista MARC

Entrada Personal Name

Número de registros utilizados en: 1

001 - CONTROL NUMBER

  • control field: 7277

003 - CONTROL NUMBER IDENTIFIER

  • control field: DLC

005 - DATE AND TIME OF LATEST TRANSACTION

  • control field: 20210419100625.0

008 - FIXED-LENGTH DATA ELEMENTS

  • fixed length control field: 061018n| acannaabn |n aaa

010 ## - LIBRARY OF CONGRESS CONTROL NUMBER

  • LC control number: 2006080086

040 ## - CATALOGING SOURCE

  • Original cataloging agency: DLC
  • Language of cataloging: spa
  • Transcribing agency: Mx-PuUPA
  • Modifying agency: Mx-PuUPA

100 1# - HEADING--PERSONAL NAME

  • Personal name: Glitschka, Von,

374 ## - OCCUPATION

  • Occupation: Autor

375 ## - GENDER

  • Gender: hombre

377 ## - ASSOCIATED LANGUAGE

  • Language code: eng
  • Source of code: MARC code list for languages

670 ## - SOURCE DATA FOUND

  • Source citation: Glitschka, Von. Crumble crackle burn, 2007:
  • Information found: CIP t.p. (Von Glitschka)

670 ## - SOURCE DATA FOUND

  • Source citation: Biblioteca del congreso (Estados Unidos), 18 mayo 2018:
  • Information found: catálogo electrónico
  • Uniform Resource Identifier: https://goo.gl/vkYu6Z